000 00619nam a22002057a 4500
005 20220516095158.0
008 220516b ||||| |||| 00| 0 eng d
040 _cAloy
041 _aeng
082 _223
_a820.8
_bRAOT
100 _aAvula Sambasiva Rao
_937118
245 _aTripuraneni Ramaswamy:
_bA herald of philosophical renaissance
260 _aHyderabad
_bTelugu University
_c2000
300 _aviii,191p.
_bPB
_c21x14cm.
365 _2English
650 _aIndian English Miscellaneous
_937119
650 _aIndian English Literature
_937120
700 _aRAO (Avula Sambasiva)
_937121
942 _2ddc
_cGF
999 _c222935
_d222935